Técnicas de la televisión educativa

Salvato in:
Dettagli Bibliografici
Autori principali: Coffelt, Kenneth (Autore), Woodring, Ann (Autore)
Natura: Libro
Lingua:spagnolo
Pubblicazione: Ciudad de México CRAT 1971
Serie:Materiales Audiovisuales Guías para el Maestro
Soggetti:
Tags: Aggiungi Tag
Nessun Tag, puoi essere il primo ad aggiungerne!!

MARC

LEADER 00000nam a2200000 a 4500
001 UCU0349
003 CL-VaPUC
008 960322e19710000MX |||||||||||||||||spa|d
082 0 4 |a 371.335  |b COF  |2 21 
100 0 |a Coffelt, Kenneth  |e author  |9 355409 
700 0 |a Woodring, Ann  |e author  |9 355410 
245 1 0 |a Técnicas de la televisión educativa 
300 |a 63 p 
942 |c BK 
945 |d 19960322 00:00:00  |a cmena 
260 |a Ciudad de México  |b CRAT  |c 1971 
650 7 |a TELEVISION EDUCATIVA  |2 CL-VaPUC  |9 310717 
650 0 |a Tecnología educacional  |9 307265 
650 0 |a Medios de comunicación de masas  |9 257273 
650 7 |a GUIONES  |2 CL-VaPUC  |9 355411 
583 |a last modification  |c 19960322 00:00:00  |k Rodrigo Vera 
490 0 |a Materiales Audiovisuales Guías para el Maestro 
999 |c 245209  |d 245207 
952 |0 0  |1 0  |4 0  |6 371_335000000000000_COF_1971  |7 0  |8 P  |9 259654  |a BIBEDU  |b BIBEDU  |c BIBEDU_PB  |d 2019-11-19  |i 1632450  |o 371.335 COF 1971  |p 1632450  |r 2024-01-25  |w 2019-11-19  |y BK  |k EDU 
952 |0 0  |1 0  |4 0  |6 371_335000000000000_COF_1971  |7 0  |8 P  |9 259655  |a BIBEDU  |b BIBEDU  |c BIBEDU_PB  |d 2019-11-19  |i 1632248  |o 371.335 COF 1971  |p 1632248  |r 2024-01-25  |w 2019-11-19  |y BK  |k EDU